| 000 | 00428 a2200133 4500 | ||
|---|---|---|---|
| 999 |
_c199568 _d199568 |
||
| 082 |
_a631.52 _bNAY/PE |
||
| 100 | _aNayana V R | ||
| 245 | _aPerformance of different plating materials of tannia (Xanthosoma sagittifolium (L.)Schott) under shade | ||
| 260 |
_aKerala Agricultural University' Vellanikkara _bDepartment of Agronomy _c2018 |
||
| 650 | _aAgronomy | ||
| 650 | _aCocoyam | ||
| 700 | _aDr.George Thomas C | ||
| 942 | _cTH | ||